Perspectivas de investigación en educación especial /
| Main Author: | |
|---|---|
| Other Authors: | |
| Format: | Libro |
| Language: | English |
MARC
| LEADER | 00000cam a2200000 a 4500 | ||
|---|---|---|---|
| 001 | 040144 | ||
| 003 | UAHC_CL | ||
| 005 | 20170803124424.0 | ||
| 008 | 060714b xx j 000 1 eng | ||
| 040 | |a UAHC_CL |c UAHC_CL |d UAHC_CL | ||
| 100 | 1 | |a Guitiez Cuevas, Pilar | |
| 245 | 1 | 0 | |a Perspectivas de investigación en educación especial / |c Pilar Guitiez, Belén Saenz-Rico. |
| 500 | |a Revista Complutense de Educación. --Vol. 4, Nº2 (1993) pp. 45-52. | ||
| 700 | 1 | |a Saenz-Rico de Santiago, Belén | |
| 900 | |a REV. COMPLUT. EDUC.-02/93 | ||
| 942 | |c BK | ||
| 999 | |c 40144 |d 40144 | ||